| 000 | 00752nam a2200217 i 4500 | ||
|---|---|---|---|
| 001 | 118639 | ||
| 003 | ES-MaACL | ||
| 005 | 20251017121200.0 | ||
| 007 | t| | ||
| 008 | 070214s1925 sp r ||||1| spa d | ||
| 100 | 1 |
_aPérez de Barradas, José. _990766 |
|
| 245 | 1 | 0 |
_aPrehistoria _b: (cartilla de divulgación) / _cpor José Pérez Barradas ; prólogo del Dr. Hugo Obermaier. |
| 260 |
_aMadrid : _bImprenta Municipal, _c1925. |
||
| 300 |
_a68 p. : _bil ; _c25 cm. |
||
| 490 | 1 | _aPublicaciones del Ayuntamiento de Madrid | |
| 650 | 0 | 4 |
_aPrehistoria. _916343 |
| 700 | 1 |
_aObermaier, Hugo, _d1877-1946 _986395 |
|
| 830 | 0 |
_aPublicaciones del Ayuntamiento de Madrid _9218522 |
|
| 852 |
_aES-MaACL _j1606-F-14 _bR.5243 |
||
| 999 |
_c118639 _d118639 |
||